[Event "Challenge"]
[Site "http://www.queenalice.com/game.php?id=765898"]
[Date "2010.4.25"]
[Round "-"]
[White "Rhy"]
[Black "BrooklynBenjamin"]
[Result "1-0"]
[WhiteElo "2019"]
[BlackElo "1556"]

1. e4 c5 2. Bc4 e6 3. Nf3 d5 4. exd5 exd5 5. Be2 Nc6 6. d4 Nf6 7. O-O Bd6 8. Nc3
Bf5 9. Bg5 h6 10. Bxf6 Qxf6 11. Nxd5 Qe6 12. Bc4 Qe4 13. Re1 Qe6 14. Rf1 Qd7 15.
Re1+ Kd8 16. dxc5 Bxc5 17. Qd2 b6 18. Rad1 Kc8 19. Qf4 Bd6 20. Nxb6+ Kc7 21.
Rxd6 Qxd6 22. Nd5+ Kd7 23. Qxf5+ Kd8 24. Rd1 g6 25. Qxf7 Re8 26. Nc3 1-0

[Event "Challenge"]
[Site "http://www.queenalice.com/game.php?id=815240"]
[Date "2010.8.8"]
[Round "-"]
[White "who_dat"]
[Black "BrooklynBenjamin"]
[Result "1-0"]
[WhiteElo "1804"]
[BlackElo "1475"]

1. e4 c5 2. Qe2 Nc6 3. b3 Nb4 4. d3 d5 5. Na3 Nc6 6. Nb5 Qa5+ 7. Qd2 Qxb5 8.
exd5 Ne5 9. d4 Qd7 10. dxe5 b6 11. a4 a6 12. Nf3 Bb7 13. c4 e6 14. d6 Bxf3 15.
gxf3 f6 16. f4 g5 17. Bg2 gxf4 18. Bxa8 fxe5 19. b4 Bxd6 20. b5 axb5 21. axb5
Nf6 22. Bc6 1-0

[Event "Challenge"]
[Site "http://www.queenalice.com/game.php?id=821431"]
[Date "2010.8.21"]
[Round "-"]
[White "Fremen"]
[Black "BrooklynBenjamin"]
[Result "0-1"]
[WhiteElo "1126"]
[BlackElo "1457"]

1. d3 d5 2. Nf3 Nf6 3. Kd2 Nc6 4. c3 Bg4 5. Ng5 Ne5 6. Qa4+ c6 7. h3 b5 8. Qf4
Ng6 9. Qd4 e5 10. Qe3 d4 11. Qg3 Bd6 12. e3 dxe3+ 0-1

[Event "Challenge"]
[Site "http://www.queenalice.com/game.php?id=827197"]
[Date "2010.9.3"]
[Round "-"]
[White "BrooklynBenjamin"]
[Black "who_dat"]
[Result "0-1"]
[WhiteElo "1483"]
[BlackElo "1795"]

1. c4 Nf6 2. Nc3 g6 3. g3 Bg7 4. Bg2 d6 5. Nf3 Nbd7 6. b4 Nb6 7. d3 Nfd5 8. Nxd5
Bxa1 9. Be3 Bb2 10. O-O Nxd5 11. cxd5 Bf5 12. Bd4 Bxd4 13. Nxd4 Qd7 14. e4 Bh3
15. Qf3 h5 16. Re1 Bg4 17. Qf4 Qa4 18. h3 Bd7 19. Qd2 a5 20. Qb2 Qxb4 21. Re2
O-O-O 22. a3 Qc5 23. Nb3 Qa7 24. e5 a4 25. Nd4 h4 26. gxh4 Rxh4 27. Nf3 Rh5 28.
exd6 exd6 29. Qf6 Rxd5 30. Qxf7 Rxd3 31. Qa2 Qc5 32. Re3 Rxe3 33. fxe3 Qxe3+ 34.
Kh2 Rh8 35. Qb2 Rh5 36. Bh1 Rxh3+ 37. Kg2 Qxf3+ 38. Kg1 Rxh1# 0-1

[Event "Let's Play Chess!"]
[Site "http://www.queenalice.com/game.php?id=827199"]
[Date "2010.9.3"]
[Round "-"]
[White "MariusLola"]
[Black "BrooklynBenjamin"]
[Result "1-0"]
[WhiteElo "1527"]
[BlackElo "1475"]

1. f4 d5 2. Nf3 g6 3. d4 Bg7 4. Nc3 Nf6 5. Qd3 e6 6. Ne5 O-O 7. Be3 Qd6 8. Nb5
Qb4+ 9. Bd2 Qxb2 10. Bc3 Qxa1+ 11. Bxa1 Ne8 12. e3 Nc6 13. Qc3 Nd6 14. Nxc7 1-0

[Event "Let's Play Chess!"]
[Site "http://www.queenalice.com/game.php?id=827200"]
[Date "2010.9.3"]
[Round "-"]
[White "BrooklynBenjamin"]
[Black "adelio"]
[Result "1/2-1/2"]
[WhiteElo "1460"]
[BlackElo "1685"]

1. c4 e5 2. Nc3 c6 3. g3 h6 4. Nf3 d6 5. Bg2 Nf6 6. O-O Be7 7. d4 O-O 8. Be3 Ng4
9. Qd3 Nxe3 10. Qxe3 Nd7 11. Rad1 Nf6 12. dxe5 Ng4 13. Qe4 f5 14. exf6 Rxf6 15.
e3 Rxf3 16. Bxf3 h5 17. h3 Nf6 18. Qg6 Bxh3 19. Rfe1 Qe8 20. Qd3 Qf7 21. Kh2 Bd7
22. b3 Ng4+ 23. Kg2 Ne5 24. Qe2 Nxf3 25. Qxf3 Qxf3+ 26. Kxf3 Bg4+ 27. Kf4 Rf8+
28. Ke4 Bf3+ 29. Kd3 Bxd1 30. Rxd1 Rxf2 31. Rh1 g6 32. a4 Bg5 33. Ne4 Rf5 34.
Nxd6 Rf3 35. Ne4 Rxe3+ 36. Kd4 Bh6 37. g4 Rxb3 38. gxh5 Be3+ 39. Ke5 g5 40. h6
Bf4+ 41. Kf5 Rf3 42. Nxg5 Bxg5+ 43. Kxg5 Kh7 44. Re1 Rf7 45. Rc1 a6 46. a5 c5
47. Rd1 Rc7 48. Rd5 Kh8 49. Kg6 Rc6+ 50. Kg5 Rc7 51. Kg6 Rc6+ 52. Kg5 Rc7
1/2-1/2

[Event "Challenge"]
[Site "http://www.queenalice.com/game.php?id=863624"]
[Date "2010.11.25"]
[Round "-"]
[White "horsemen"]
[Black "BrooklynBenjamin"]
[Result "0-1"]
[WhiteElo "1519"]
[BlackElo "1469"]

1. e4 c5 2. d3 Nc6 3. Nf3 e6 4. c4 g6 5. b3 Bg7 6. d4 cxd4 7. g3 d3 8. Bg5 Qa5+
9. Qd2 Qxd2+ 10. Nbxd2 Bxa1 11. Bxd3 Nb4 12. Bf1 Nc2+ 13. Kd1 Nd4 14. Nxd4 Bxd4
15. f4 h6 16. Bh4 a6 17. Nf3 Bg7 18. Bh3 b5 19. cxb5 axb5 20. Kc2 Rxa2+ 21. Kd3
Ba6 22. Rc1 Rxh2 23. Bf1 Rb2 24. Ra1 Rxb3+ 25. Ke2 Bxa1 26. f5 g5 27. Bxg5 hxg5
28. Nxg5 Rh2+ 0-1

[Event "Challenge"]
[Site "http://www.queenalice.com/game.php?id=863719"]
[Date "2010.11.25"]
[Round "-"]
[White "BrooklynBenjamin"]
[Black "Rhy"]
[Result "0-1"]
[WhiteElo "1485"]
[BlackElo "2016"]

1. c4 e5 2. Nc3 Bb4 3. Qc2 d6 4. e4 Nc6 5. Bd3 Nf6 6. Nf3 Bg4 7. Be2 O-O 8. O-O
Qd7 9. a3 Bxc3 10. Qxc3 Nxe4 11. Qe3 Nf6 12. b4 Rae8 13. Bb2 a6 14. c5 Nd5 15.
Qb3 Nf4 16. Bc4 d5 17. Bd3 e4 18. Nd4 Nxd4 19. Bxd4 exd3 20. Qc3 Be2 21. Bxg7
Qg4 22. g3 Nh3+ 23. Kg2 Bf3# 0-1

[Event "Let's Play Chess!"]
[Site "http://www.queenalice.com/game.php?id=876058"]
[Date "2010.12.24"]
[Round "-"]
[White "BrooklynBenjamin"]
[Black "egs19690901"]
[Result "1-0"]
[WhiteElo "1479"]
[BlackElo "1600"]

1. c4 e5 2. Nc3 Bc5 3. e3 Nf6 4. g3 Nc6 5. Bg2 O-O 6. Nf3 e4 7. Ng5 Ne8 8. a3
Qxg5 9. Nxe4 Qe7 10. b4 Bd6 11. Bb2 Be5 12. d4 Bf6 13. Nc3 Nd6 14. Nd5 Qd8 15.
c5 b6 16. cxd6 cxd6 17. Qf3 Ba6 18. Nxf6+ Qxf6 19. Qxf6 gxf6 20. a4 Rab8 21. b5
Nb4 22. O-O Bb7 23. Ba3 Nc2 24. Ra2 Bxg2 25. Kxg2 Rbc8 26. Bxd6 Rfe8 27. a5 Re6
28. Bf4 Nb4 29. Ra4 Nd3 30. d5 Ree8 31. Bh6 Rc5 32. Rg4+ Kh8 33. Bg7+ Kg8 34.
Bxf6+ Kf8 35. Rg7 Rxd5 36. Rxh7 Rg5 37. Bxg5 Kg8 38. Rh6 Kg7 39. Rd6 Nc5 40.
axb6 axb6 41. Rxb6 Ne6 42. h4 Kg6 43. f4 Kf5 44. Kf3 f6 45. g4+ Kg6 46. h5+ Kf7
47. Bh4 Rg8 48. Rd1 Rd8 49. f5 Nc5 50. Rxf6+ Ke8 51. Rh6 Kf7 52. Rdd6 Nb7 53.
Bxd8 Nxd6 54. Rxd6 1-0

[Event "Let's Play Chess!"]
[Site "http://www.queenalice.com/game.php?id=876266"]
[Date "2010.12.25"]
[Round "-"]
[White "BrooklynBenjamin"]
[Black "charles31"]
[Result "0-1"]
[WhiteElo "1487"]
[BlackElo "1830"]

1. c4 e5 2. Nc3 Nf6 3. g3 d5 4. cxd5 Nxd5 5. Bg2 Nxc3 6. bxc3 Bc5 7. e3 Bf5 8.
d4 exd4 9. Bxb7 Nd7 10. cxd4 Bb4+ 11. Bd2 Rb8 12. Bd5 Bxd2+ 13. Qxd2 O-O 14. Nf3
Nf6 15. Bc4 Be4 16. Qe2 Re8 17. O-O Ng4 18. Ng5 Qxg5 19. h4 Qf5 20. f3 Qd7 21.
fxg4 Rb4 22. Bxf7+ Kh8 23. Bxe8 Qxe8 24. Rac1 c6 25. Qa6 Rb2 26. Qxa7 Rg2+ 27.
Kh1 Rxa2+ 28. Kg1 Rxa7 29. h5 h6 30. Rc5 g5 0-1

[Event "Challenge"]
[Site "http://www.queenalice.com/game.php?id=878579"]
[Date "2010.12.29"]
[Round "-"]
[White "JabbaTheHutGoesMassive"]
[Black "BrooklynBenjamin"]
[Result "1-0"]
[WhiteElo "1377"]
[BlackElo "1498"]

1. Nf3 c5 2. a3 Nc6 3. b4 b6 4. g3 e5 5. b5 Nd4 6. Bg2 Bb7 7. O-O Nxf3+ 8. Bxf3
Bxf3 9. exf3 Qf6 10. Bb2 d5 11. Bxe5 Qf5 12. Qe2 O-O-O 13. d4 f6 14. g4 Qg5 15.
Bg3 f5 16. Qe6+ Rd7 17. Qc6+ Rc7 18. Qxc7# 1-0

[Event "Challenge"]
[Site "http://www.queenalice.com/game.php?id=881162"]
[Date "2011.1.4"]
[Round "-"]
[White "Scaracioli"]
[Black "BrooklynBenjamin"]
[Result "1-0"]
[WhiteElo "1489"]
[BlackElo "1500"]

1. e4 c5 2. d4 cxd4 3. Qxd4 Nc6 4. Qd1 Nf6 5. Nc3 d6 6. Nf3 Bg4 7. h3 Be6 8. Bd3
g6 9. g4 Bg7 10. Bb5 d5 11. exd5 Nxd5 12. Nxd5 Bxd5 13. c3 e5 14. O-O O-O 15. c4
Bxf3 16. Qxf3 Nd4 17. Qd1 Qh4 18. Be3 Qxh3 19. Bxd4 exd4 20. Rc1 Rad8 21. Rc2
1-0

[Event "Challenge"]
[Site "http://www.queenalice.com/game.php?id=882644"]
[Date "2011.1.7"]
[Round "-"]
[White "BrooklynBenjamin"]
[Black "Rhy"]
[Result "1/2-1/2"]
[WhiteElo "1484"]
[BlackElo "2056"]

1. c4 e5 2. Nc3 Nc6 3. Nf3 Bc5 4. e3 d6 5. d4 exd4 6. exd4 Bb4 7. Qd2 Bg4 8. Be2
Qe7 9. O-O Bxc3 10. bxc3 O-O-O 11. Re1 f5 12. Ng5 Qf6 13. h3 Bxe2 14. Rxe2 h6
15. d5 Ne5 16. f4 Nxc4 17. Qd3 hxg5 18. Qxc4 g4 19. hxg4 Qh4 20. gxf5 Nf6 21.
Re7 Qh1+ 22. Kf2 Ng4+ 23. Kg3 Qh4+ 24. Kf3 Qf2+ 25. Kxg4 Rd7 1/2-1/2

[Event "Challenge"]
[Site "http://www.queenalice.com/game.php?id=890436"]
[Date "2011.1.24"]
[Round "-"]
[White "adelio"]
[Black "BrooklynBenjamin"]
[Result "0-1"]
[WhiteElo "1644"]
[BlackElo "1498"]

1. h3 c5 2. a3 Nc6 3. c3 d5 4. g3 Nf6 5. d3 b6 6. e3 e6 7. b3 Bd6 8. Ra2 a5 9.
a4 O-O 10. g4 d4 11. Qe2 Nd5 12. e4 Nf4 13. Bxf4 Bxf4 14. Bg2 Rb8 15. Nf3 Ba6
16. Rc2 b5 17. cxd4 Nxd4 18. Nxd4 Qxd4 19. O-O bxa4 20. Rc4 Bxc4 21. bxc4 Rb2
22. Qf3 e5 23. Qd1 Rfb8 24. Na3 R8b3 25. Nb5 Qxd3 26. Qxd3 Rxd3 27. Nc7 a3 28.
Nd5 a2 29. Nxf4 exf4 30. f3 Ra3 31. h4 a1=Q 32. Rxa1 Rxa1+ 33. Kh2 Raa2 34. g5
Rxg2+ 35. Kh3 f6 36. e5 f5 37. h5 Rh2# 0-1

[Event "Challenge"]
[Site "http://www.queenalice.com/game.php?id=891902"]
[Date "2011.1.27"]
[Round "-"]
[White "BrooklynBenjamin"]
[Black "cass"]
[Result "1-0"]
[WhiteElo "1520"]
[BlackElo "1761"]

1. c4 e5 2. Nc3 Nf6 3. g3 Bc5 4. Bg2 Ng4 5. Ne4 Be7 6. e3 d6 7. d4 exd4 8. exd4
O-O 9. d5 Re8 10. Ne2 c5 11. O-O b6 12. b3 a5 13. a4 Bf8 14. Bf4 Ne5 15. Qc2 Bf5
16. g4 Nxg4 17. N2g3 Bxe4 18. Nxe4 g6 19. h3 Ne5 20. Bg5 Be7 21. f4 Bxg5 22.
Nxg5 Ned7 23. Rae1 f6 24. Ne6 Qe7 25. Nc7 Ne5 26. Nxe8 Qxe8 27. fxe5 fxe5 28.
Re3 Na6 29. Rg3 Nb4 30. Qe2 Qe7 31. Rg4 Rf8 32. h4 Kh8 33. h5 g5 34. Qe3 h6 35.
Qe4 Qe8 36. Rxf8+ Qxf8 37. Qg6 Nd3 38. Qxd3 Qe8 39. Rg3 Qxh5 40. Rh3 e4 41. Qxe4
Qd1+ 42. Kh2 Kg7 43. Qe7+ Kg8 44. Rxh6 Qd3 45. Qxg5+ Kf7 46. Qf6+ Ke8 47. Rh8+
1-0

[Event "Challenge"]
[Site "http://www.queenalice.com/game.php?id=898465"]
[Date "2011.2.10"]
[Round "-"]
[White "adelio"]
[Black "BrooklynBenjamin"]
[Result "0-1"]
[WhiteElo "1606"]
[BlackElo "1576"]

1. g3 d5 2. e3 Nf6 3. f3 b6 4. b3 Bb7 5. d4 c5 6. e4 dxe4 7. dxc5 Qxd1+ 8. Kxd1
bxc5 9. Bg2 exf3 10. Nxf3 Nc6 11. Nfd2 e6 12. Bb2 Nd5 13. Bxd5 exd5 14. Re1+ Be7
15. Bxg7 Rg8 16. Bb2 d4 17. Na3 O-O-O 18. Nac4 Bg5 19. Kc1 Ba6 20. Rd1 d3 21. c3
Bxc4 22. bxc4 Rge8 23. Kb1 Bxd2 24. Rxd2 Re1+ 25. Bc1 Ne5 26. a4 Nxc4 27. Ka2
Nxd2 28. Bxd2 Rxa1+ 29. Kxa1 Re8 30. Bf4 Re2 31. Kb1 f6 32. c4 Rc2 33. h4 Rxc4
34. Bd6 d2 35. Be7 d1=Q+ 36. Kb2 Qc1+ 37. Kb3 Rc3+ 38. Ka2 Qc2+ 39. Ka1 Ra3# 0-1